Loading...
| Science - Other | 2 | 5 | 0 | 1 | 80 | 38 | 88.43 | 2 | 2 | 14.15 | 26.31 |
| Social Science | 0 | 5 | 3 | 0 | 35 | 66 | 97.80 | 0 | 4 | 5.62 | 16.32 |
| Fine Arts - Other Arts | 0 | 3 | 0 | 1 | 30 | 111 | 127.00 | 0 | 0 | 1.33 | 4.88 |
| Science - Physics | 0 | 3 | 1 | 0 | 25 | 85 | 96.00 | 2 | 2 | 7.51 | 20.15 |
| History - American | 0 | 2 | 0 | 1 | 20 | 130 | 131.00 | 0 | 0 | 0.16 | 3.69 |
| Philosophy | 0 | 2 | 0 | 1 | 20 | 101 | 120.50 | 0 | 1 | 1.69 | 5.65 |
| Geography | 0 | 2 | 0 | 0 | 20 | 104 | 121.50 | 0 | 2 | 10.38 | 40.00 |
| Modern World | 0 | 2 | 1 | 0 | 15 | 110 | 113.00 | 0 | 1 | 6.06 | 19.33 |
| History - Other | 0 | 1 | 0 | 0 | 10 | 113 | 113.00 | 0 | 0 | 2.61 | 8.33 |
| Other Academic | 0 | 1 | 0 | 0 | 10 | 112 | 112.00 | 0 | 1 | 2.84 | 15.28 |
| History - European | 0 | 1 | 0 | 0 | 10 | 101 | 101.00 | 0 | 1 | 1.32 | 5.95 |
| Science - Chemistry | 0 | 0 | 0 | 0 | 0 | 0.00 | 0 | 0 | 0.00 | 0.00 | |
| Fine Arts - Classical Music and Opera | 0 | 0 | 0 | 0 | 0 | 0.00 | 0 | 0 | 0.00 | 0.00 | |
| History - World | 0 | 0 | 0 | 0 | 0 | 0.00 | 0 | 0 | 0.00 | 0.00 | |
| History - Ancient | 0 | 0 | 0 | 0 | 0 | 0.00 | 0 | 0 | 0.00 | 0.00 | |
| Beliefs | 0 | 0 | 1 | 0 | -5 | 0.00 | 0 | 0 | 0.00 | 0.00 | |
| Science - Biology | 0 | 0 | 1 | 0 | -5 | 0.00 | 0 | 0 | 0.00 | 0.00 | |
| Visual Arts | 0 | 0 | 2 | 0 | -10 | 0.00 | 0 | 0 | 0.00 | 0.00 |